El Archivo General de Indias y su proyecto de informatización (Registro nro. 305118)

Detalles MARC
000 -ENCABEZADO
Número de control [NR] 01325nam a2200253 4500
005 - FECHA Y HORA DE LA ÚLTIMA TRANSACCIÓN
control field 20161013160350.0
008 - DE LONGITUD FIJA DE DATOS DE ELEMENTOS - INFORMACIÓN GENERAL
Elementos de longitud fija [NR] 161013s1995 ck |||fr|||| 000 0 spa d
040 ## - FUENTE DE CATALOGACION [NR]
Agencia de catalogación original [NR] CO-BoUCM
Idioma de catalogación [NR] spa
Quien Cataloga Sandra Yazo
Quien Clasifica Sandra Yazo
041 0# - CODIGO DE IDIOMA [R]
Código de idioma para texto/pista de sonido o título separado [R] Español
082 04 - NUMERO DE CLASIFICACION DECIMAL DEWEY [R]
Número de la edición [NR] 20
Número de clasificación [R] 027
092 ## - SIGNATURA TOPOGRAFICA LOCAL
Número de clasificación local E63N090
100 1# - ASIENTO PRINCIPAL--NOMBRE PERSONAL [NR]
Nombre personal [NR] Gonzalez, Pedro
ID Autoridad 81117
245 13 - MENCION DE TITULO [NR]
Título [NR] El Archivo General de Indias y su proyecto de informatización
Parte restante del título [NR] Nuevas posibilidades para la investigación
Mención de responsabilidad, etc. [NR] por Pedro González
260 ## - PUBLICACION, DISTRIBUCION, ETC. (PIE DE IMPRENTA) [R]
Lugar de publicación, distribución, etc. [R] Bogotá (Colombia)
Nombre del editor, distribuidor, etc. [R] Archivo General de la Nación
Fecha de publicación, distribución, etc. [R] 1995
300 ## - DESCRIPCION FISICA [R]
Extensión [R] 21 páginas
Dimensiones [R] 23 x 16 cm
500 ## - NOTA GENERAL [R]
Nota general [NR] Detalles físicos: Encuadernación flexible en cartulina, tapas con datos de publicación impresos. Texto en una sola columna. Ejemplar en buen estado de conservación
505 0# - NOTA DE CONTENIDO CON FORMATO PREESTABLECIDO [R]
Nota de contenido con formato preestablecido [NR] Introducción ; Las tecnologías de la imagen y los archivos ; El proyecto de informatización del Archivo General de Indias ; Requerimientos generales ; Arquitectura del sistema ; Sistema de información y referencia ; Subsistema de almacenamiento digital de imágenes ; Perspectivas y problemas pendientes
506 ## - NOTA DE RESTRICCIONES DE ACCESO [R]
Condiciones de acceso [NR] Consulta en sala
650 #7 - ASIENTO SECUNDARIO DE MATERIA - TERMINO TEMATICO [R]
9 (RLIN) 9320
Término temático o nombre geográfico como elemento de entrada [NR] Archivística
650 #7 - ASIENTO SECUNDARIO DE MATERIA - TERMINO TEMATICO [R]
9 (RLIN) 9325
Término temático o nombre geográfico como elemento de entrada [NR] Archivos históricos
650 #7 - ASIENTO SECUNDARIO DE MATERIA - TERMINO TEMATICO [R]
9 (RLIN) 9788
Término temático o nombre geográfico como elemento de entrada [NR] Automatización de archivos
690 ## - ASUNTO AGREGADO LOCAL DE ENTRADA - TÉRMINO TEMÁTICO (OCLC, RLIN)
Acceso temático local Bibliotecología
9 (RLIN) 10049
942 ## - ELEMENTOS DE ENTRADA AGREGADOS (KOHA)
Sistema de clasificación LOCAL
Tipo de ítem principal el descrito en 300a Libro
Edición 1
Clasificación E63N090
Existencias
Suprimido Perdido Sistema de clasificación Dañado No prestable Tipo de ítem específico Ubicación habitual Ubicación actual Localización Fecha de creación Forma de adquisición Costo Total préstamos Signatura topográfica Código de barras Última vez visto Ejemplar Price effective from Tipo de ítem
    LOCAL     Libro archivo Archivo Histórico Archivo Histórico Archivo histórico 13/10/2016 Donación 0.00   E63N090 L005928 13/10/2016 Ej.1 13/10/2016 Libro